000 00425nmm a2200145Ia 4500
008 251105s9999||||xx |||||||||||||||||und||
041 _aspa
100 _aIllán Bacca, Ramón
245 0 _aMaracas en la ópera
264 _a[Bogotá, Colombia] :
_bUniversidad del Norte,
_c2018
300 _a212 páginas
650 _aLatin American narrative
856 _uhttps://public.digitaliapublishing.com/a/54971
942 _cCF
999 _c106625
_d106625